| 000 | 00475nam a22001697a 4500 | ||
|---|---|---|---|
| 008 | 230628b |||||||| |||| 00| 0 eng d | ||
| 040 |
_aNational Science Library _cNational Science Library |
||
| 080 | _a612.79(05) | ||
| 245 | _aAdvances in biology of skin | ||
| 260 |
_aOxford: _bPergamon Press, _c1967 |
||
| 300 | _axiii, 358p. | ||
| 500 | _aVol.9 (Hair growth) | ||
| 650 | _aScience | ||
| 653 | _aBiology | ||
| 700 | _aMontagna, William (Ed.) | ||
| 942 |
_2udc _cPR |
||
| 999 |
_c58242 _d58242 |
||